| Tag |
First Indicator |
Second Indicator |
Subfields |
| LEADER |
00000cam a2200000Ia 4500 |
| 001 |
in00002008113 |
| 005 |
20191026063137.0 |
| 008 |
940826s1974 txu s000 0 eng d |
| 035 |
|
|
|a (OCoLC)ocm31021177
|
| 040 |
|
|
|a GIL
|c GIL
|d TXA
|d UtOrBLW
|
| 049 |
|
|
|a TXAM
|
| 090 |
|
|
|a QE350.22.M48
|b C65 1974
|
| 245 |
0 |
0 |
|a CONSEP :
|b Continental Slope Exploration Program - Gulf of Mexico / Texas A & M Research Foundation.
|
| 264 |
|
1 |
|a College Station, Texas :
|b Texas A & M University,
|c 1974.
|
| 300 |
|
|
|a 29 pages :
|b illustrations ;
|c 28 cm.
|
| 336 |
|
|
|a text
|b txt
|2 rdacontent
|
| 337 |
|
|
|a unmediated
|b n
|2 rdamedia
|
| 338 |
|
|
|a volume
|b nc
|2 rdacarrier
|
| 505 |
0 |
|
|a Preface to the CONSEP proposal -- Introduction -- Budget -- Schedule -- Scientific program -- Seismic -- Environmental biological study -- Upper slope sedimentation study -- Geotechnical studies -- Biostratigraphic studies -- Petrography of carbonates -- Geochemistry.
|
| 650 |
|
0 |
|a Geology
|z Mexico, Gulf of.
|
| 650 |
|
0 |
|a Petroleum
|x Geology
|z Mexico, Gulf of.
|
| 650 |
|
0 |
|a Sedimentation and deposition
|z Mexico, Gulf of.
|
| 650 |
|
0 |
|a Marine biology
|z Mexico, Gulf of.
|
| 650 |
|
0 |
|a Geology, Stratigraphic
|z Mexico, Gulf of.
|
| 710 |
2 |
|
|a Texas A & M Research Foundation.
|
| 710 |
1 |
|
|a Continental Slope Exploration Program.
|
| 710 |
2 |
|
|a Texas A & M University.
|b Department of Oceanography.
|
| 948 |
|
|
|a cataloged
|b h
|c 2004/11/11
|d c
|e jgreene
|f 11:05:03 am
|
| 994 |
|
|
|a E0
|b TXA
|
| 999 |
|
|
|a MARS
|
| 999 |
f |
f |
|s 5bc64d3b-7fb8-3f51-be94-ceac6a5c8728
|i 3966a3e8-7f82-322c-9b26-16d64ca96547
|t 0
|
| 952 |
f |
f |
|p ric
|a Texas A&M University
|b Rellis Campus
|c Joint Library Facility
|s JLF
|d Remote Storage
|t 0
|e QE350.22.M48 C65 1974
|h Library of Congress classification
|i unmediated -- volume
|m A14831609054
|
| 998 |
f |
f |
|a QE350.22.M48 C65 1974
|t 0
|l Remote Storage
|